| 000 | 01078nac a22002771i 4500 | ||
|---|---|---|---|
| 003 | EG-ScBUE | ||
| 005 | 20260414140000.0 | ||
| 008 | 100907s2004 ii a f b 001 0 eng d | ||
| 020 | _a8120324641 | ||
| 040 |
_aEG-ScBUE _beng _erda _cEG-ScBUE _dEG-ScBUE |
||
| 082 | 0 | 4 |
_a573.85 _bELI _222 |
| 100 | 1 |
_aEliasmith, Chris, _eauthor. _918636 |
|
| 245 | 1 | 0 |
_aNeural engineering : _bcomputation, representation, and dynamics in neurobiological systems / _cChris Eliasmith and Charles H. Anderson. |
| 264 | 1 |
_aNew Delhi : _bPrentice-Hall of India, _c2004. |
|
| 300 |
_axii, 356 pages : _billustrations ; _c24 cm |
||
| 336 |
_2rdacontent _atext _btxt |
||
| 337 |
_aunmediated _2rdamedia _bn |
||
| 338 |
_avolume _bnc _2rdacarrier |
||
| 504 | _aIncludes bibliographical references and index. | ||
| 650 | 7 |
_aNeural networks (Computer science) _2BUEsh _918638 |
|
| 650 | 7 |
_aComputational neuroscience. _2BUEsh _918639 |
|
| 650 | 7 |
_918637 _aNeural networks (Neurobiology) _2BUEsh |
|
| 655 | _vReading book | ||
| 700 | 1 |
_aAnderson, C. H. _q(Charles H.) _eauthor. _918640 |
|
| 942 |
_cBB _2ddc |
||
| 999 |
_c783 _d783 |
||